| 000 | 00609nam a2200229Ia 4500 | ||
|---|---|---|---|
| 008 | 200601s9999 xx 000 0 und d | ||
| 020 | _a978-0-07-176771-2 | ||
| 050 | _aREF PC 2137 | ||
| 050 | _b.P48 2011 | ||
| 100 | _aPeters, Clyde. | ||
| 245 | 0 | _aSay it right in French / | |
| 245 | 0 | _cClyde Peters. | |
| 250 | _a2nd Edition | ||
| 260 | _aNew York : | ||
| 260 | _bMcGraw-Hill. | ||
| 260 | _c2011 | ||
| 300 | _a182 pages : | ||
| 300 | _billustrations ; | ||
| 300 | _c19 cm. | ||
| 650 | _aFrench language -- Pronunciation by foreign speakers. | ||
| 650 | _xFrench language -- Spoken French. | ||
| 999 |
_c363379 _d363379 |
||